| Поле | Инд. | ПП | Название | Значение |
|---|---|---|---|---|
| Тип записи | a | |||
| Библиографический уровень | b | |||
| 001 | Контрольный номер | 852a7b315c03442c99eb3bac9df097c0 | ||
| 005 | Дата корректировки | 20250116162116.2 | ||
| 008 | Кодируемые данные | 20170331 | ||
| 040 | b | Код языка каталог. | rus | |
| e | Правила каталог. | PSBO | ||
| 041 | 0_ | a | Код языка текста | rus |
| 084 | a | Индекс другой классификации/Индекс ББК | 67.401.041(2Рос) | |
| 100 | 1_ | a | Автор | Шеншин В. М. |
| 245 | 10 | a | Заглавие | Оформление протокола об административном правонарушении должностными лицами войск национальной гвардии при осуществлении ими административно-юрисдикционной деятельности: вопросы применения |
| 650 | 14 | a | Основная рубрика | право; административное право |
| 653 | 0_ | a | Ключевые слова | административно-юрисдикционная деятельность |
| a | Ключевые слова | административные правонарушения | ||
| a | Ключевые слова | войска национальной гвардии | ||
| a | Ключевые слова | должностное лицо | ||
| a | Ключевые слова | Кодекс РФ об административных правонарушениях | ||
| a | Ключевые слова | Россия | ||
| 773 | 08 | t | Заглавие источника | Российская юстиция |
| d | Дата издания источника | 2020 | ||
| g | Прочая информация | № 2. - С. 22 - 24 | ||
| w | Контрольный № источника | bd79b8de93a941129b7f256c84795769 | ||
| 901 | t | Тип документа | b |